Statistics for World Cities by Montage #2

Click here to take the quiz!

General Stats

  • This quiz has been taken 61 times
  • The average score is 12 of 16

Answer Stats

Answer% Correct
Washington DC
100%
London
96%
Jerusalem
95%
Shanghai
89%
Copenhagen
85%
Mecca
84%
Las Vegas
82%
Santiago
76%
Florence
75%
Nairobi
71%
Pyongyang
69%
Honolulu
58%
Yangon
58%
Vancouver
56%
Mexico City
51%
Auckland
40%

Score Distribution

Percentile by Number Answered

Percent of People with Each Score

Your Score History

You have not taken this quiz